Missing Word: Q&A Songs Quiz Stats

 Plays Quiz Updated May 28, 2019

Score 0/20 Timer 02:30
0 Plays Today
Song title Missing word % Correct
QuestionsStay
93.3%
AnswersKnow
90.8%
AnswersHere
90.5%
QuestionsFriends
77.2%
AnswersTogether
76.1%
QuestionsLonesome
71.8%
QuestionsJose
70.8%
AnswersNumb
65.2%
AnswersFree
58.5%
AnswersHills
49.4%
Song title Missing word % Correct
QuestionsFrequency
47.6%
QuestionsLoved
32.4%
QuestionsSitting
30.6%
AnswersBack
28.4%
AnswersReasons
24.6%
QuestionsNow
23.5%
AnswersGone
18.9%
QuestionsRemember
12.8%
AnswersSupermarket
9.4%
QuestionsOrchestra
3.6%

Today's Daily Dose

Missing Word
Banned Books (A-Z)

Word Ladder
Janis Joplin

Get the Picture
Occupations

You're not logged in!

Compare scores with friends on all Sporcle quizzes.
OR
Log In

Sporcle TV

Today on Sporcle TV


Watch our educational content, quiz creation guides, and fun videos on Sporcle TV.

Show Comments

Extras

Top Quizzes Today


Score Distribution

Your Account Isn't Verified!

In order to create a playlist on Sporcle, you need to verify the email address you used during registration. Go to your Sporcle Settings to finish the process.

Report this User

Report this user for behavior that violates our Community Guidelines.

Details: